Miasta najbliżej Torunia - Statystyki

Ogólne statystyki
  • Ten quiz został rozwiązany 199 razy
  • Średni wynik to 6 z 10
Statystyki odpowiedzi
Odległość Odpowiedź % Poprawnych
33,1km Inowrocław
80%
19km Chełmża
74%
19,9km Ciechocinek
73%
16,5km Aleksandrów Kujawski
67%
26,1km Solec Kujawski
58%
32,3km Golub-Dobrzyń
51%
18,4km Gniewkowo
46%
25,4km Kowalewo Pomorskie
44%
37,7km Wąbrzeźno
42%
28,2km Nieszawa
31%
Nie znaleziono quizów pasujących do podanych kryteriów
Rozkład punktacji
Procent ludzi z każdym wynikiem
Percentyl według liczby udzielonych odpowiedzi
Twoja historia wyników
Nie rozwiązałeś tego quizu